| 000 | 01171nam a2200289 a 4500 | ||
|---|---|---|---|
| 001 | 000047215 | ||
| 005 | 20201002053444.0 | ||
| 008 | 180417s2017 dr abc 000 0 spa d | ||
| 020 | _a9789945195361 (v.1) | ||
| 020 | _a9789945194876 (v.2) | ||
| 020 | _a9789945119008 (v.3) | ||
| 040 |
_aDO-SdBNP _bspa _cBNPHU |
||
| 082 |
_axx _bxx |
||
| 100 | 1 |
_aCapellán Almonte, Fanny _929766 |
|
| 245 | 1 | 0 |
_aCiencias sociales 2 : _beducación primaria / _ctexto Fanny Capellán Almonte ; ilustración Ruddy Núñez... [et.al]; dirección editorial Claudia Llibre. |
| 250 | _a2a. ed. | ||
| 260 |
_aSanto Domingo : _bSantillana, _c2017. |
||
| 300 |
_av. : _bil. ; _c29 cm.+ _eCD-ROM |
||
| 490 | 1 | _aProyecto todos juntos | |
| 500 | _aActualización según el nuevo diseño curricular oficial | ||
| 505 | 0 |
_av.1 : _tLibro de texto _gv. 2 : _tGuía de recursos didáctios : primer ciclo educación primaria _gv. 3 : _tCuaderno fichas de actividades . |
|
| 590 | _aInventariado, 2018/VM | ||
| 700 | 1 |
_aNúñez, Ruddy _eils. _923171 |
|
| 700 | 1 |
_aLlibre, Claudia _edir. _930462 |
|
| 710 | 2 |
_aEditorial Santillana (República Dominicana) _974902 |
|
| 830 | 0 | 0 |
_aProyecto todos juntos _930856 |
| 999 |
_c46703 _d46703 |
||